| 000 | 00555nam a22001937a 4500 | ||
|---|---|---|---|
| 005 | 20140813104043.0 | ||
| 010 | _aENG-110350 | ||
| 020 |
_a9789350623367 _c425.00 |
||
| 035 | _aEN-93882 | ||
| 037 | _bDBAD/PUB | ||
| 082 | _a005.1068 | ||
| 100 | _aSingh, Chandrani | ||
| 245 |
_aSoftware project management / _cby Chandrani Singh |
||
| 260 |
_aNew Delhi _bExcel Books _c2013 |
||
| 270 |
_aA-45, Naraina, Phase I _bNew Delhi _e110028 |
||
| 300 |
_aviii,406p. _c28cm(pbk) |
||
| 500 | _aIncludes index | ||
| 942 |
_2ddc _cEN _mSIN _h005.1068 |
||
| 999 |
_c86273 _d86273 |
||